Ngữ pháp và chính tả tiếng Pháp dành cho mọi người

সংরক্ষণ করুন:
গ্রন্থ-পঞ্জীর বিবরন
বিন্যাস: গ্রন্থ
ট্যাগগুলো: ট্যাগ যুক্ত করুন
কোনো ট্যাগ নেই, প্রথমজন হিসাবে ট্যাগ করুন!
Thư viện lưu trữ: Mạng thư viện Đại học Đà Nẵng
LEADER 00460nam a22001691a 4500
001 000036398
003 12693
005 20160408151544.0
008 160408s0 000
082 |a 4P(07) 3-4 
245 |a Ngữ pháp và chính tả tiếng Pháp dành cho mọi người  |c Lê Hồng Phương 
OWN |a LNN 
999 |a From the UDN01 
TYP |a Monograph 
980 |a Mạng thư viện Đại học Đà Nẵng